[Event "ISR-chT 2020"]
[Site "Israel"]
[Date "2020.01.10"]
[Round "1.17"]
[White "Bar, Roman"]
[Black "Psakhis, Lev"]
[Result "1/2-1/2"]
[WhiteElo "2498"]
[BlackElo "2456"]
[Annotator "TA"]
[PlyCount "131"]
[EventDate "2020.01.10"]
[EventType "team-tourn"]
[EventCountry "ISR"]
[SourceTitle "playchess.com"]
[Source "ChessBase"]
[SourceQuality "1"]

{[%evp 9,131,43,49,36,61,39,45,4,54,49,61,67,63,62,73,47,75,19,23,19,19,19,16,16,47,51,75,69,88,76,85,80,85,77,85,82,79,39,72,59,75,86,91,89,83,84,82,92,173,132,242,247,234,229,242,196,360,158,150,134,279,239,256,149,190,129,139,95,372,72,72,72,85,66,66,66,63,66,72,78,91,80,80,0,91,89,84,66,66,66,66,66,66,66,70,66,68,63,63,52,52,52,75,52,52,52,59,52,60,38,40,45,42,19,32,8,9,9,9,9,19,9,9,9]} 1. e4 c5 2. Nf3 e6 3. g3 a6 (3... Nc6 4. Bg2 Nf6 5. d3 Be7 6. O-O O-O 7. Re1 e5 8. c3 Re8 9. a3 Bf8 10. b4 d6 11. b5 Ne7 12. c4 g6 13. Nc3 Bg7 14. a4 h6 15. a5 {1-0 (58) Karjakin,S (2754)-Caruana,F (2822) Bucharest 2019}) 4. Bg2 b5 5. O-O Bb7 6. Re1 {B40: Sicilian: 2...e6, Unusual lines} Nc6 7. d3 Be7 8. c3 {White is slightly better.} d6 9. d4 Nf6 10. d5 $146 ({Predecessor:} 10. Bf4 O-O 11. dxc5 dxc5 {0-1 (40) Grobelsek,A (2054)-Kristovic,M (2330) Velika Gorica 2003}) 10... exd5 11. exd5 Na7 12. Nh4 {aiming for Nf5.} Qd7 $1 13. Qd3 (13. g4 $16) 13... O-O $11 14. a4 Rfe8 15. axb5 axb5 16. Rd1 Bd8 17. b3 Nc8 18. Rxa8 Bxa8 19. Na3 Na7 20. c4 bxc4 21. bxc4 Bb7 22. Nf5 Bc8 23. Ne3 Qb7 24. h3 Bd7 25. Bd2 Nc8 26. Rb1 $36 {[%mdl 2048] White is in control.} Qa7 27. Nb5 Bxb5 28. Rxb5 Ne7 (28... g6 $16) 29. Qb1 Bc7 (29... Ng6 $16 30. Nf5 Qa6) 30. Bc3 $18 Rb8 31. Bxf6 gxf6 32. Be4 h6 $2 (32... Kg7 33. Rxb8 Qxb8) 33. Qd1 (33. Ng4 $18 Kf8 34. Nxf6 Rxb5 35. cxb5) 33... Rxb5 $16 34. cxb5 Kf8 (34... c4 $16 35. Qg4+ (35. Nxc4 Kf8 $18) 35... Kf8) 35. Kg2 c4 36. Qc2 (36. Nxc4 f5 $18) (36. Qh5 $18 Ke8 37. Qxh6 (37. Nxc4 Qd4 $16)) 36... f5 37. Bxf5 ({Don't play} 37. Nxf5 $6 Nxf5 38. Bxf5 Qd4 $14) (37. Qc3 $18 Kg8 38. Qf6 (38. Nxf5 Nxf5 39. Bxf5 Qc5 $14)) 37... Qc5 38. Be4 {And now Qc3 would win.} Qxb5 $2 {[%mdl 8192] [#]} (38... c3 $16 {keeps fighting.}) 39. Qxc4 $2 (39. Qc3 $1 $18 {[%cal Rc3h8] is the precise move to win. Hoping for Qh8+.} Ke8 40. Qh8+ (40. Qxc4 Qxc4 41. Nxc4 f5 $16) 40... Kd7 41. Qf8 (41. Qxh6 Bb6 $18)) 39... Qxc4 40. Nxc4 {[%mdl 4096] Endgame KBN-KBN} f5 41. Bf3 Kg7 42. Kf1 Kf6 43. Bg2 Nc8 44. f4 Nb6 45. Na3 Nc8 46. Nc4 Nb6 47. Ne3 Nc8 48. Ke2 Bb6 49. Bf3 Ne7 50. Nc4 Bc5 51. Na5 Bb4 52. Nb3 Bc3 53. Nc1 Bd4 54. Kd3 Bf2 55. Ne2 Kg7 56. Kc4 Kf6 57. Kb5 Nc8 58. Kc6 {Black must now prevent Kc7.} Ke7 $1 59. g4 Na7+ 60. Kb7 fxg4 61. Bxg4 {[#] Strongly threatening Ka6.} Nb5 62. Nc1 Be3 {The position is equal.} 63. Nd3 Nc3 64. Kc6 Ne4 65. Kc7 Nf2 66. Nxf2 {Accuracy: White = 55%, Black = 48%.} 1/2-1/2

[Event "ISR-chT 2020"]
[Site "Israel"]
[Date "2020.01.10"]
[Round "1.18"]
[White "Zlatin, Alexander"]
[Black "Kantsler, Boris"]
[Result "0-1"]
[WhiteElo "2310"]
[BlackElo "2438"]
[Annotator "TA"]
[PlyCount "86"]
[EventDate "2020.01.10"]
[EventType "team-tourn"]
[EventCountry "ISR"]
[SourceTitle "playchess.com"]
[Source "ChessBase"]
[SourceQuality "1"]

{[%evp 13,86,40,22,-12,0,-37,-39,-46,-27,-35,-17,-29,-30,-40,-31,-41,-16,-25,0,0,0,-6,44,0,-17,-45,-7,-9,-12,0,-16,-45,-12,-19,-20,-16,-12,-52,-31,-56,-31,-34,-43,-79,-57,-120,-121,-211,-205,-202,-200,-174,-161,-207,-200,-182,-161,-164,-162,-322,-314,-566,-359,-565,-564,-572,-568,-760,-758,-897,-887,-843,-777,-745,-741]} 1. e4 c5 2. Nf3 e6 3. d4 cxd4 4. Nxd4 a6 5. c4 Nf6 6. Nc3 Qc7 7. Be3 Bb4 8. Qf3 {B41: Sicilian: Kan Variation: 5 c4} (8. Bd3 Nc6 9. Nxc6 bxc6 10. O-O O-O 11. c5 d5 12. cxd6 Bxd6 13. h3 c5 14. Rc1 Bb7 15. Qe2 Rfc8 16. b3 {½-½ (46) Wojtaszek,R (2729)-Bartel,M (2640) Poland 2016}) 8... b5 $146 ({Predecessor:} 8... Qe5 9. Bd3 Nc6 10. Qg3 Qxg3 11. hxg3 Ng4 12. Nxc6 dxc6 13. Bd4 O-O 14. a3 Rd8 15. axb4 Rxd4 16. Be2 e5 17. Rd1 Nf6 18. f3 Rxd1+ 19. Kxd1 Be6 20. Kc2 Kf8 21. Rd1 Ke7 {½-½ (21) Meftahi,H (2125)-Chikhaoui,W (2198) Hammamet 2016}) 9. e5 Bb7 10. Qg3 $1 {[%cal Rg3g7] Black is slightly better.} Nh5 11. Qg5 g6 12. Be2 Be7 13. Qg4 Qxe5 {[#] And now ...f5 would win.} 14. Nf3 Qc7 15. cxb5 O-O 16. b6 Qd8 17. O-O Nc6 18. Qa4 (18. Rac1 $14) 18... Ng7 $11 19. Rad1 Nf5 (19... d5 $5 {[%cal Rg7f5]}) 20. Bf4 $1 Qxb6 21. Rxd7 Qxb2 {next ...Rfd8 is good for Black.} 22. Bd2 Rad8 23. Rxd8 $1 Nxd8 24. Rb1 Qa3 25. Qd7 Bc6 26. Qd3 a5 27. Ne5 Qc5 $36 {[%mdl 2048] Black has the initiative.} 28. Nxc6 Nxc6 29. Rb5 ({Better is} 29. Ne4 $15 Qe5 30. Bc3) 29... Qd4 $17 30. Be3 (30. Qxd4 $17 Ncxd4 31. Rb1) 30... Qxd3 $19 31. Bxd3 Nxe3 32. fxe3 Rc8 {[#] White must now prevent ...Nb4.} 33. Be4 Nb4 34. Ne2 a4 {[%cal Ba5a4,Ba4a3,Ba3a2][%mdl 32]} 35. Ra5 Nxa2 36. Bb7 $2 (36. Ra7 Bg5 37. Kf2) 36... Rc2 37. Nd4 $2 (37. Ba6 {is a better defense.}) 37... Rc1+ 38. Kf2 Nc3 {Black is clearly winning.} 39. Bf3 a3 40. Nb3 Rb1 41. Nd2 Rb2 42. Ke1 a2 {Strongly threatening ...Bb4.} 43. Nc4 Rb4 {Accuracy: White = 28%, Black = 81%.} 0-1

[Event "ISR-chT 2020"]
[Site "Israel"]
[Date "2020.01.10"]
[Round "1.19"]
[White "Rechlis, Gad"]
[Black "Baron, Tal"]
[Result "1-0"]
[WhiteElo "2498"]
[BlackElo "2529"]
[Annotator "TA"]
[PlyCount "75"]
[EventDate "2020.01.10"]
[EventType "team-tourn"]
[EventCountry "ISR"]
[SourceTitle "playchess.com"]
[Source "ChessBase"]
[SourceQuality "1"]

{[%evp 9,75,8,6,0,0,0,5,0,20,0,0,0,30,30,46,30,62,0,29,9,31,29,38,40,51,41,53,39,80,84,145,136,202,191,182,191,195,176,180,168,162,164,202,157,311,310,374,359,360,378,364,356,410,420,425,418,851,844,1269,1275,1205,1184,1240,1216,1072,1036,951,844]} 1. Nf3 Nf6 2. g3 c5 3. Bg2 Nc6 4. O-O e5 5. e4 (5. d3 d5 6. e4 d4 7. a4 Bd6 8. Na3 h6 9. Nh4 g6 10. f4 exf4 11. gxf4 Ng4 12. Nf3 g5 13. e5 Be7 14. Qe2 gxf4 15. Bxf4 {1-0 (51) Grischuk,A (2764)-Wojtaszek,R (2728) Hamburg 2019}) 5... d6 6. d3 {A04: Unusual lines after 1 Nf3 and King's Indian Attack} g6 7. Nc3 Bg7 8. Nd2 {The position is equal.} a6 $146 ({Predecessor:} 8... Bg4 9. f3 Be6 10. f4 Bg4 11. Nf3 Nd4 12. Qd2 Bxf3 13. Bxf3 exf4 14. gxf4 Nxf3+ 15. Rxf3 {1-0 (45) Karthikeyan,M (2578)-Zanan,E (2471) Tarvisio 2017}) 9. Nc4 b5 10. Ne3 b4 11. Ncd5 Nxd5 12. exd5 Ne7 13. Nc4 (13. a3 $14) 13... O-O 14. f4 $36 {[%mdl 2048] Threatening fxe5. White has good play.} Rb8 15. a3 b3 16. fxe5 dxe5 17. Be3 (17. cxb3 Nxd5 18. Re1 f6 $15) 17... Nxd5 18. Bxc5 Ne7 19. cxb3 Bb7 {[#]} (19... Be6 $142) 20. b4 $1 $16 h5 (20... Bxg2 $16 {was called for.} 21. Kxg2 Qd5+ 22. Qf3 Rfe8) 21. Qe2 Bxg2 22. Qxg2 Qd7 {[#]} 23. Rae1 $1 Rfe8 24. Nd6 Rf8 25. Qe4 Nc6 26. Qc4 a5 $2 (26... Nd4 $16 {keeps fighting.} 27. Bxd4 (27. Qxa6 Ne6 $18) 27... exd4) 27. Ne4 $18 {Threatens to win with Nf6+.} Rfe8 28. Rf6 {Strongly threatening Rd6.} Re6 29. Rxe6 fxe6 30. b5 Nd4 31. Bxd4 exd4 32. Ng5 Rxb5 (32... Qd5 $142) 33. Rxe6 {[%cal Re6e8] White is clearly winning.} Kh8 {[#]} 34. Rd6 $1 {[%mdl 512]} Qe7 {[#]} (34... Qxd6 35. Nf7+) 35. Rd8+ $1 {[%mdl 512]} Bf8 (35... Qxd8 36. Nf7+) 36. Qxd4+ (36. Qxb5 Qe1+ 37. Kg2 Qe2+ 38. Kh3 Qg4+ 39. Kg2 Qe2+ 40. Kh3 Qg4+ 41. Kg2 Qe2+ $11) 36... Kg8 37. Qc4+ {[%mdl 64] Double Attack} Kh8 {[#]} 38. Rxf8+ $1 {Accuracy: White = 61%, Black = 34%.} 1-0

[Event "ISR-chT 2020"]
[Site "Israel"]
[Date "2020.01.10"]
[Round "1.20"]
[White "Zanan, Evgeny"]
[Black "Tarlev, Konstantin"]
[Result "1/2-1/2"]
[WhiteElo "2503"]
[BlackElo "2570"]
[Annotator "TA"]
[PlyCount "51"]
[EventDate "2020.01.10"]
[EventType "team-tourn"]
[EventCountry "ISR"]
[SourceTitle "playchess.com"]
[Source "ChessBase"]
[SourceQuality "1"]

{[%evp 9,51,0,17,17,26,20,18,11,18,11,20,0,4,7,7,14,24,0,25,23,24,19,20,18,18,18,56,14,15,-35,11,16,10,0,21,17,26,20,20,16,33,31,33,0]} 1. d4 Nf6 2. c4 e6 3. Nf3 d5 4. g3 Bb4+ 5. Bd2 Bd6 (5... Be7 6. Bg2 O-O 7. O-O Nbd7 8. Qc2 c6 9. Rc1 b6 10. cxd5 cxd5 11. Qd1 Bb7 12. a3 a6 13. Bf4 Rc8 14. Nbd2 Rxc1 15. Rxc1 Qa8 16. Ne5 Nxe5 17. Bxe5 {½-½ (41) Mamedyarov,S (2790)-Radjabov,T (2756) Shamkir 2019}) 6. Bg2 {E01: Catalan: Early deviations} O-O 7. O-O c6 8. Qb3 {The position is equal.} Nbd7 9. Nc3 Be7 10. Bg5 h6 11. Bxf6 Bxf6 $146 ({Predecessor:} 11... Nxf6 12. Ne5 Qb6 {0-1 (59) Sammalvuo,T (2427)-Grandelius,N (2642) Sweden 2016}) 12. Rfd1 Qe7 13. Qc2 Qb4 14. c5 Qa5 15. a3 Qc7 16. e4 b6 17. b4 a5 18. e5 Be7 19. Nd2 Ba6 {[%cal Rb6c5]} 20. f4 Rfb8 21. Rdb1 (21. Bh3 {is interesting.} Qa7 22. Kg2 axb4 23. axb4 bxc5 24. bxc5 Rb4 25. Nf3) 21... axb4 22. axb4 bxc5 23. bxc5 Rxb1+ 24. Qxb1 Rb8 25. Qc2 Qc8 26. Rb1 {Accuracy: White = 46%, Black = 55%.} 1/2-1/2

[Event "ISR-chT 2020"]
[Site "Israel"]
[Date "2020.01.10"]
[Round "1.21"]
[White "Manor, Ilan"]
[Black "Raznikov, Danny"]
[Result "1/2-1/2"]
[WhiteElo "2457"]
[BlackElo "2506"]
[Annotator "TA"]
[PlyCount "76"]
[EventDate "2020.01.10"]
[EventType "team-tourn"]
[EventCountry "ISR"]
[SourceTitle "playchess.com"]
[Source "ChessBase"]
[SourceQuality "1"]

{[%evp 13,76,31,26,6,30,0,10,-25,9,-10,-20,-20,0,0,9,0,4,0,-7,-12,0,-89,-69,-76,-68,-149,-132,-170,-169,-185,-169,-178,-179,-178,-188,-255,-253,-244,-259,-252,-256,-245,-131,-131,-115,-114,-61,-76,-3,-7,-20,-139,-83,-386,12,15,20,16,24,18,30,23,23,23,23]} 1. d4 Nf6 2. c4 e6 3. g3 d5 4. Nf3 Be7 5. Bg2 O-O 6. O-O dxc4 7. Ne5 Qd6 8. Nxc4 {E05: Open Catalan: 5 Nf3 Be7} (8. Na3 Rd8 9. Naxc4 Qa6 10. Qc2 Rxd4 11. Bg5 Nbd7 12. Rfd1 Rxd1+ 13. Rxd1 Nxe5 14. Nxe5 Qa5 15. Bf4 Nd5 {½-½ (54) Kramnik,V (2800)-Mamedyarov,S (2809) Berlin 2018}) 8... Qa6 9. Qb3 Nc6 10. e3 {The position is equal.} Rb8 (10... b5 $5 {[%cal Rb5c4]} 11. Ne5 Bb7 $11) 11. Nc3 b5 12. Nd2 e5 $36 {[%mdl 2048] Black fights for an advantage.} 13. d5 Na5 14. Qc2 Rd8 $146 ({Predecessor:} 14... b4 15. Na4 {1-0 (26) Khasin,A (2450)-Feher,G (2375) Kobanya 1991}) 15. Nde4 Ne8 16. f4 exf4 17. gxf4 (17. exf4 $11 b4 18. Na4) 17... Qg6 18. Qf2 b4 19. d6 ({White should play} 19. Na4 $15) 19... Bxd6 (19... cxd6 $6 20. Nd5 $11) 20. Nd5 Bh3 21. Nxd6 Qxg2+ ({Don't take} 21... Qxd6 22. Bxh3 Qxd5 23. Bg2 $11) 22. Qxg2 Bxg2 23. Kxg2 Nxd6 ({But not} 23... Rxd6 24. e4 $17) 24. Nxc7 (24. f5 $142) 24... Rb7 $19 25. Nd5 Ne4 26. Rd1 {[#] Strongly threatening Nf6+!} Nc6 27. f5 g6 (27... Rbd7 $19 28. Kf3 Ng5+ 29. Kf4 Rxd5 30. Rxd5 Rxd5 31. Kxg5 f6+ 32. Kh4 Rxf5) 28. Kf3 $17 gxf5 29. Kf4 Re8 (29... Rd6 $17 {...Rb5 is the strong threat.} 30. Kxf5 Nf2) 30. b3 Ne5 (30... Re6 $17 31. Bb2 Kf8) 31. Bb2 $11 Ng6+ 32. Kxf5 {[#]} (32. Kf3 $11 {keeps the balance.}) 32... Rb5 ({Black should try} 32... h5 $1 {Threatens to win with ...Rb5.} 33. a4 bxa3 {[%mdl 64] Discovered Attack} 34. Rxa3 Rb5 35. Rxa7 Rxb3) 33. Rac1 $2 {[%mdl 8192]} (33. Kg4 $17 {was the crucial defense.}) 33... Nc3 $2 ({Better is} 33... h5 $19 {White must now prevent ...Nd6+.} 34. Rc7 Ra5) 34. Bxc3 bxc3 35. Kg4 {aiming for Nf6+.} Re5 36. Nxc3 Rg5+ 37. Kf3 Rbf5+ 38. Ke4 Rf2 {Accuracy: White = 48%, Black = 40%.} 1/2-1/2

[Event "ISR-chT 2020"]
[Site "Israel"]
[Date "2020.01.10"]
[Round "1.22"]
[White "Bronstein, Or"]
[Black "Bitensky, Igor"]
[Result "1/2-1/2"]
[WhiteElo "2428"]
[BlackElo "2377"]
[Annotator "TA"]
[PlyCount "145"]
[EventDate "2020.01.10"]
[EventType "team-tourn"]
[EventCountry "ISR"]
[SourceTitle "playchess.com"]
[Source "ChessBase"]
[SourceQuality "1"]

{[%evp 17,145,75,81,59,63,54,88,62,106,106,106,106,99,85,89,54,110,95,95,113,123,112,114,119,106,20,27,18,18,-26,33,0,0,0,0,-27,4,0,0,0,0,0,0,0,0,0,0,-34,-39,-266,-260,-234,-77,-113,-111,-110,-118,-107,-129,-127,260,170,167,169,273,263,224,127,104,58,58,75,305,273,259,161,288,295,355,327,410,267,404,179,284,429,414,408,302,45,45,45,45,45,45,45,45,26,26,29,45,45,45,45,45,0,0,0,0,0,0,0,0,0,0,0,0,0,0,0,0,0,0,0,0,0,0,0,0,0]} 1. d4 Nf6 2. c4 g6 3. Nc3 Bg7 4. e4 d6 5. Be2 O-O 6. Be3 Nbd7 7. Nf3 e5 8. O-O c6 9. d5 Ng4 10. Bd2 {E94: King's Indian: Classical: 6 Be2 e5 7 0-0: Various Black 7th moves} Ngf6 $146 ({Predecessor:} 10... f5 11. Ng5 Ndf6 12. b4 cxd5 13. cxd5 fxe4 14. Ne6 Bxe6 15. dxe6 Nh6 16. g4 d5 17. Bg5 Rc8 {1-0 (27) Ivanchuk,V (2735)-Piket,J (2570) Wijk aan Zee 1996}) 11. Qc2 Kh8 12. b4 {White is better.} c5 13. a3 b6 14. g3 Ng8 15. Nh4 Bh6 16. Rae1 f5 (16... Bxd2 $14 17. Qxd2 cxb4 18. axb4 a5) 17. exf5 $16 {Strongly threatening Bxh6.} Bxd2 18. Qxd2 gxf5 19. f4 exf4 20. Rxf4 Ne5 21. Qb2 (21. Rf2 $16) 21... Ne7 $11 22. Rf2 N7g6 $1 {[%cal Rg6h4]} 23. Ng2 Bd7 (23... f4 $11 24. Ne4 (24. Nxf4 Nxf4 25. Rxf4 Rxf4 $11) 24... fxg3 25. hxg3 Rxf2 26. Nxf2 Bf5) 24. Qd2 Qe7 25. Nd1 Qg7 26. Kh1 Rf6 27. Ref1 Raf8 28. Qc3 Qh6 29. Nf4 Nxf4 30. Rxf4 Ng6 31. R4f2 Kg8 32. Ne3 {Hoping for Ng4!} f4 33. Ng4 $2 (33. gxf4 $15 Rxf4 34. Nd1) 33... Bxg4 $1 $19 34. Bxg4 Ne5 $2 (34... fxg3 $19 {is more deadly.} 35. Qxg3 (35. Be6+ $2 Rxe6 36. Rxf8+ Nxf8 $19) 35... Rxf2 {[%mdl 64] Overworked Piece} 36. Rxf2 Rxf2 37. Qxf2 Qc1+ {[%mdl 64] Double Attack} 38. Kg2 Qxc4 39. Be6+ Kg7 40. Qf7+ Kh6 41. bxc5 bxc5) 35. Be6+ $17 Kh8 36. gxf4 Rxf4 37. Rxf4 Rxf4 38. Rg1 {[%csl Ge6][%cal Rg1g8]} Qf8 $2 {[%mdl 8192]} (38... Rf8 $17 {and life is bright.} 39. Qg3 Qg6) 39. Rg8+ Qxg8 40. Bxg8 Kxg8 (40... Rxc4 $142 41. Qe3 (41. Qg3 Rg4 $16 {[%mdl 64] Double Attack}) 41... Kxg8) 41. bxc5 $1 $18 bxc5 {[%mdl 4096] Endgame KQ-KRN} 42. Qb3 (42. Qa5 $18 Nxc4 43. Qxa7) 42... Kg7 $16 43. Qb8 Nxc4 44. Qxa7+ Kg6 $2 (44... Kf6 $16 {was called for.}) 45. Qe7 $1 $18 Kf5 46. h4 {[%csl Gd5][%cal Re7e6]} ({Don't take} 46. Qxh7+ $6 Kg4 $16) 46... Ne5 (46... Rd4 $142) 47. Qxh7+ ({Weaker is} 47. Qxd6 Rxh4+ 48. Kg2 Rg4+ 49. Kf1 c4 $16) 47... Kg4 {[#]} 48. Kg2 $1 Rd4 49. Qh6 {[%csl Gh4][%cal Rh6g5]} Kf5 50. Qg5+ Ke4 51. h5 c4 52. h6 {Black must now prevent h7.} c3 {[#] intending ...Rd2+.} 53. h7 $2 ({Only move:} 53. Qc1 $1 $18 Rd2+ 54. Kg3 Rd3+ 55. Kh4 Nf3+ 56. Kg4 Ne5+ 57. Kg5) 53... Rd2+ $14 54. Kf1 Rh2 {...c2 is the strong threat.} 55. Qg3 c2 56. Qc3 Kxd5 57. Qxc2 (57. h8=Q {feels hotter.} Rxh8 58. Qxc2 Nc4 59. Qf5+ Kc6 60. Qf7) 57... Rxc2 58. h8=Q $11 {KQ-KRN} Rc4 59. Qa8+ Kd4 60. a4 {[%cal Ba3a4,Ba4a5][%mdl 32]} Nc6 61. a5 Kc5 {The position is equal.} 62. a6 Ra4 63. Qc8 d5 64. Ke2 d4 65. Kd3 Rxa6 66. Qf8+ Kb6 67. Qd6 Ra4 68. Qf8 Ra5 69. Qd6 Rc5 70. Kd2 Kb5 71. Qf8 Re5 72. Qf7 Kc5 73. Qf8+ {Accuracy: White = 51%, Black = 61%.} 1/2-1/2

[Event "ISR-chT 2020"]
[Site "Israel"]
[Date "2020.01.10"]
[Round "1.23"]
[White "Friedland, Moshe"]
[Black "Kobo, Ori"]
[Result "0-1"]
[WhiteElo "2257"]
[BlackElo "2445"]
[Annotator "RC"]
[PlyCount "84"]
[EventDate "2020.01.10"]
[EventType "team-tourn"]
[EventCountry "ISR"]
[SourceTitle "playchess.com"]
[Source "ChessBase"]
[SourceQuality "1"]
[TimeControl "40/5400+30:1800+30"]

1. e4 {[%emt 0:00:00]} e6 {[%emt 0:00:00]} 2. d4 {[%emt 0:00:12]} d5 {[%emt 0:00:00]} 3. e5 {[%emt 0:00:02]} c5 {[%emt 0:00:07]} 4. c3 {[%emt 0:00:04]} Nc6 {[%emt 0:00:16]} 5. Nf3 {[%emt 0:00:04]} Bd7 {[%emt 0:00:14]} 6. Na3 {[%emt 0:01:37]} f6 {[%emt 0:00:24]} 7. Bd3 {[%emt 0:01:29]} cxd4 {[%emt 0:04:50]} 8. cxd4 {[%emt 0:00:29]} Bb4+ {[%emt 0:00:52]} 9. Bd2 {[%emt 0:02:11]} Qb6 {[%emt 0:01:39]} 10. O-O {[%emt 0:10:27]} fxe5 {[%emt 0:13:44]} 11. Nxe5 {[%emt 0:12:40]} Nxe5 {[%emt 0:01:22]} 12. dxe5 {[%emt 0:00:16]} Ne7 {[%emt 0:10:09]} 13. Bg5 {[%emt 0:07:06]} Nc6 {[%emt 0:15:12]} 14. Qh5+ {[%emt 0:01:16]} Kf8 {[%emt 0:01:13]} 15. Bxh7 {[%emt 0:10:14]} Be8 {[%emt 0:02:27]} 16. Qh4 {[%emt 0:06:15]} Bf7 {[%emt 0:02:55]} 17. Nc2 {[%emt 0:21:19]} Be7 {[%emt 0:04:53]} 18. Bf6 {[%emt 0:02:04]} gxf6 {[%emt 0:02:00]} 19. Qh6+ {[%emt 0:00:03]} Ke8 {[%emt 0:00:08]} 20. Qg7 {[%emt 0:00:05]} Rf8 {[%emt 0:02:09]} 21. exf6 {[%emt 0:00:18]} Qxb2 {[%emt 0:01:43]} 22. Rab1 {[%emt 0:01:23]} Qxf6 {[%emt 0:00:38]} 23. Qg3 {[%emt 0:00:09]} Rh8 {[%emt 0:03:39]} 24. Bd3 {[%emt 0:00:24]} Ne5 {[%emt 0:06:03]} 25. Rxb7 {[%emt 0:04:07]} Rg8 {[%emt 0:01:31]} 26. Bb5+ {[%emt 0:01:03]} Kf8 {[%emt 0:00:02]} 27. Qe3 {[%emt 0:05:27]} Qg6 {[%emt 0:03:21]} 28. g3 {[%emt 0:00:41]} Qh5 {[%emt 0:02:22]} 29. Be2 {[%emt 0:01:47]} Ng4 {[%emt 0:05:20]} 30. Bxg4 {[%emt 0:00:09]} Rxg4 {[%emt 0:02:12]} 31. Rxa7 {[%emt 0:02:41]} Rxa7 {[%emt 0:01:01]} 32. Qxa7 {[%emt 0:00:05]} Rg8 {[%emt 0:02:54]} 33. Qb8+ {[%emt 0:04:29]} Kg7 {[%emt 0:00:24]} 34. Qf4 {[%emt 0:00:01]} Rh8 {[%emt 0:01:10]} 35. h4 {[%emt 0:00:16]} Qg6 {[%emt 0:01:58]} 36. Ne3 {[%emt 0:01:18]} Rxh4 {[%emt 0:01:18]} 37. Qc7 {[%emt 0:00:11]} Bf6 {[%emt 0:00:53]} 38. Ng2 {[%emt 0:00:45]} Rh8 {[%emt 0:02:09]} 39. Nf4 {[%emt 0:00:49]} Qe4 {[%emt 0:01:54]} 40. f3 {[%emt 0:00:04]} Qe3+ {[%emt 0:01:00]} 41. Kg2 {[%emt 0:30:46]} Bd4 {[%emt 0:32:38]} 42. Rd1 {[%emt 0:01:22]} Qf2# {[%emt 0:00:36]} 0-1

[Event "ISR-chT 2020"]
[Site "Israel"]
[Date "2020.01.10"]
[Round "1.24"]
[White "Kaspi, Alexander"]
[Black "Botvinnik, Mikhail"]
[Result "0-1"]
[WhiteElo "2456"]
[BlackElo "2348"]
[Annotator "TA"]
[PlyCount "52"]
[EventDate "2020.01.10"]
[EventType "team-tourn"]
[EventCountry "ISR"]
[SourceTitle "playchess.com"]
[Source "ChessBase"]
[SourceQuality "1"]

{[%evp 9,52,35,31,27,29,29,28,29,24,28,73,83,126,99,114,12,46,33,91,48,105,74,77,113,110,104,115,117,102,7,16,16,8,-244,-237,-245,-250,-441,-426,-2287,-2262,-2206,-2099,-29988,-29989]} 1. d4 d5 2. c4 dxc4 3. Nf3 Nf6 4. e3 b5 5. a4 b4 6. Bxc4 {D25: Queen's Gambit Accepted: 4 e3: sidelines and 4...Bg4} e6 7. a5 a6 8. O-O {White has an edge.} c5 $146 ({Predecessor:} 8... Be7 9. Nbd2 Bb7 10. Re1 c5 11. e4 cxd4 12. e5 Nfd7 13. Nxd4 {½-½ (54) Matlakov,M (2735)-Romanov,E (2626) St Petersburg 2017}) 9. Nbd2 Nbd7 10. e4 cxd4 11. e5 $1 {[%cal Re5f6]} (11. Nxd4 Bb7 $11) 11... Ng4 12. Qe2 (12. Re1 $1 $16) 12... Bb7 $11 13. h3 {[#]} h5 (13... d3 $1 $14 {[%mdl 512]} 14. Bxd3 Ngxe5) 14. Re1 ({Avoid the trap} 14. hxg4 $2 hxg4 15. Re1 Rh5 $17) 14... d3 (14... Nc5 $1 $14) 15. Qxd3 Bc5 16. Re2 Qc7 {[%cal Rg4e5]} 17. hxg4 hxg4 18. Bxe6 $1 gxf3 19. Bxf7+ (19. Nxf3 $16 fxe6 20. Qg6+ Kd8 21. Ng5) 19... Kxf7 20. Nxf3 Nf8 $1 {[%cal Bd7f8,Bf8e6,Be6f4][%mdl 32] Hoping for ...Rd8.} 21. Bf4 $2 {[%mdl 8192]} (21. e6+ $1 $11 {and White is okay.} Kg8 {[#]} 22. e7 $1 {[%mdl 512]}) 21... Ke8 $19 {And now ...Qf7 would win.} 22. Rc1 Ne6 ({Weaker is} 22... Qxa5 23. e6 $11) 23. Be3 $2 (23. Qg6+ Qf7 24. Qxf7+ Kxf7 25. Ng5+ Nxg5 26. Bxg5) 23... Qf7 (23... Bxf3 $2 24. gxf3 Qf7 25. Qe4 $19 (25. Bxc5 {leads to mate.} Qh5 26. Qd7+ {[%mdl 64] Decoy} Kxd7 27. Rd1+ Kc8 28. Rd8+ Nxd8 29. Kg2 Qh3+ 30. Kg1 Qh1#)) 24. Bxc5 (24. Qc4 $142 Qg6 25. Ne1) 24... Qh5 {[%csl Gh8][%cal Rh5h1]} 25. Nh4 Nf4 {[%mdl 64] Double Attack} 26. Qd6 Qxh4 {Accuracy: White = 32%, Black = 77%.} 0-1